Geología del Norte Grande de Chile
Salvato in:
| Autore principale: | |
|---|---|
| Natura: | Libro |
| Lingua: | spagnolo |
| Pubblicazione: |
Santiago
Universidad de Chile
1967
|
| Serie: | Symposium sobre el Geosinclinal Andino 1962, 3
|
| Soggetti: | |
| Tags: |
Aggiungi Tag
Nessun Tag, puoi essere il primo ad aggiungerne!!
|
MARC
| LEADER | 00000nam a2200000 a 4500 | ||
|---|---|---|---|
| 001 | UCU4258 | ||
| 003 | CL-VaPUC | ||
| 008 | 960517e19670000CL |||||||||||||||||spa|d | ||
| 082 | 0 | 4 | |a 558.83 |b GAR |2 21 |
| 100 | 0 | |a García A., Floreal |e author |9 361788 | |
| 245 | 1 | 0 | |a Geología del Norte Grande de Chile |
| 300 | |a 138 p | ||
| 942 | |c BK | ||
| 945 | |d 19960517 00:00:00 |a lriquelm | ||
| 260 | |a Santiago |b Universidad de Chile |c 1967 | ||
| 600 | 0 | 7 | |a PAMPA DEL TAMARUGAL |2 CL-VaPUC |9 361789 |
| 600 | 0 | 7 | |a CORDILLERA DE LOS ANDES |2 CL-VaPUC |9 357907 |
| 650 | 7 | |a GEOLOGIA HISTORICA |2 CL-VaPUC |9 361790 | |
| 650 | 7 | |a ERA CUATERNARIA |2 CL-VaPUC |9 360610 | |
| 650 | 7 | |a ERA PRIMARIA |2 CL-VaPUC |9 361791 | |
| 650 | 7 | |a ERA SECUNDARIA |2 CL-VaPUC |9 361792 | |
| 650 | 7 | |a ERA TERCIARIA |2 CL-VaPUC |9 361793 | |
| 650 | 7 | |a CORDILLERA DE LA COSTA |2 CL-VaPUC |9 361794 | |
| 651 | 7 | |a CHILE |2 CL-VaPUC |9 361795 | |
| 583 | |a last modification |c 20131003 04:36:03 |k Rodrigo Vera | ||
| 490 | 0 | |a Symposium sobre el Geosinclinal Andino 1962, 3 | |
| 999 | |c 248040 |d 248038 | ||
| 952 | |0 0 |1 0 |4 0 |6 558_830000000000000_GAR_1967 |7 0 |8 A |9 264375 |a BIBING |b BIBING |d 2019-11-19 |i 1664751 |o 558.83 GAR 1967 |p 1664751 |r 2025-01-20 |w 2019-11-19 |y BK |k ING | ||